000 01882nam a22002657a 4500
003 DO-SdBJH
005 20260702220144.0
008 260702b2025 |||d|||| |||| 00| 0 spa d
040 _aDO-SdBJH
_bspa
_cDO-SdBJH
041 0 _aspa
090 _aCT CM-0027
_bAMBC 2025
100 1 _aLuna Vallejo, Luis Bienvenido
_esustentante
245 1 0 _aImportancia de la capacitación continua y especializada en el rendimiento y eficiencia operativa en la 1ra Brigada de Infantería del Ejército de la República Dominicana /
_cLuis Bienvenido Luna Vallejo, Mabel Moreta Jiménez ; asesor metodológico Reynaldo Antonio Cruz Camacho ; asesor de contenido Gilberto Bautista Estrella.
260 _aSanto Domingo, República Dominicana :
_bUNADE,
_c2025.
300 _axiii, 67, [09] páginas :
_bfotografías.
502 _aTesis y trabajos de grado (Licenciatura en Ciencias Militares)--Universidad Nacional para la Defensa "General Juan Pablo Duarte y Díez", Academia Militar "Batalla de las Carreras", Santo Domingo, 2025.
504 _aIncluye referencias bibliográficas y anexos.
505 _aProgramas de capacitación continúa implementados en la 1ra Brigada de Infantería del ERD -- Impacto de la capacitación continua en el rendimiento individual de los soldados -- Incidencia en el rendimiento y eficiencia operativa de la capacitación continua en la 1era Brigada de Infantería ERD.
650 7 _2lemb
_aPersonal militar
_vTesis y disertaciones académicas
_xCapacitación
_xEvaluación del desempeño
_zRepública Dominicana
650 7 _2lemb
_aEducación militar
_vTesis y disertaciones académicas
_xCapacitación permanente
_xEficiencia operacional
_zRepública Dominicana
700 1 _aMoreta Jiménez, Mabel
_esustentante
700 1 _aCruz Camacho, Reynaldo Antonio
_easesor metodológico
700 1 _aBautista Estrella, Gilberto
_easesor de contenido
942 _2CL
_cT
999 _c8747
_d8747